[Event "Pamporovo"]
[Site "Pamporovo"]
[Date "1982.??.??"]
[Round "6"]
[White "Kirov, Nino"]
[Black "Abramovic, Bosko"]
[Result "1/2-1/2"]
[WhiteElo "2430"]
[BlackElo "2445"]

1.Nf3 d5 2.g3 e6 3.Bg2 Nf6 4.O-O Be7 5.d4 O-O 6.c4 dxc4 7.Qc2 a6 8.Qxc4 b5
9.Qc2 Bb7 10.Bf4 Nc6 11.Nc3 Nb4 12.Qb1 c5 13.dxc5 Bxc5 14.Be5 Nc6 15.Bxf6 gxf6
16.Ne4 Be7 17.Rd1 Qc7 18.Qc1 Kg7 19.Nc5 Rfd8 20.Nxb7 Qxb7 21.Nd4 Nxd4 22.Rxd4 Qxg2+
23.Kxg2 Rxd4 24.Qc6 Ra7 25.Rc1 Rd2 26.Rc2 Rxc2 27.Qxc2 Rd7 28.a3 Rd6 29.e3 Bf8
30.g4 Rd5 31.b4 h6 32.Qc6 Rd6 33.Qb7 Kg8 34.Kf3 Kg7 35.Ke2 e5 36.Kf3 Kg8
37.Ke4 Kg7 38.h4 Re6 39.Qa8 Kg8 40.Qb8 Kg7 41.Kd5 Kg8 42.Qd8 Kg7 43.Qd7 Kg8
44.Qc7 Kg7 45.Qd8 Be7 46.Qc7 Bf8 47.f3 Kg8 48.Qb8 Kg7 49.Qd8 Kg8 50.Qd7 Re7
51.Qc8 Re6 52.Qb8 Kg7 53.Qc7 Kg8 54.h5 Kg7 55.Qb8 Kg8 56.Qd8 Kg7 57.Qc7 Re7
58.Qb8 Re6 59.Qd8 Be7 60.Qc7 Bf8 61.f4 exf4 62.exf4 Rd6+ 63.Ke4 Re6+ 64.Kf5 Be7
65.Qc3 Kg8 66.Qd4 Rd6 67.Qa7 Re6 68.Qd7 Kg7 69.Qc8  1/2-1/2

[Event "Bohemians"]
[Site "Prague"]
[Date "1982.??.??"]
[Round "3"]
[White "Streitberg, Petr"]
[Black "Cuartas, Carlos"]
[Result "0-1"]
[WhiteElo "2215"]
[BlackElo "2435"]

1.Nf3 d5 2.g3 Bg4 3.Bg2 Nd7 4.d3 Ngf6 5.Nbd2 e5 6.h3 Bxf3 7.Bxf3 Bc5 8.O-O Qe7
9.e4 dxe4 10.dxe4 O-O 11.Qe2 Rfd8 12.Nc4 c6 13.Bd2 Nf8 14.Rfd1 b5 15.Na5 Qc7
16.b4 Bb6 17.Nb3 Ne6 18.c4 Nd4 19.Nxd4 Bxd4 20.Rac1 Qd7 21.Kh2 Qe6 22.Kg2 a6
23.Rc2 Rd6 24.Rdc1 h6 25.Be3 Rad8 26.cxb5 cxb5 27.Bxd4 Rxd4 28.Rc6 R8d6 29.Rc8+ Kh7
30.a3 Rd2 31.Qe3 R6d3 32.Qc5 Rxa3 33.Rc3 Raa2 34.Rc6 Qd7 35.Qxe5 Rxf2+ 36.Kg1 Qd2  0-1

[Event "Quebec inv"]
[Site "Quebec"]
[Date "1982.??.??"]
[Round "?"]
[White "Barbeau, Sylvain"]
[Black "Witt, Laszlo"]
[Result "1-0"]
[WhiteElo "2230"]
[BlackElo "2335"]

1.Nf3 d5 2.g3 Bg4 3.Bg2 Nd7 4.O-O Ngf6 5.d3 c6 6.Nbd2 e5 7.e4 dxe4 8.dxe4 Qc7
9.h3 Bh5 10.Qe1 Be7 11.Nh4 O-O-O 12.Nf5 Bf8 13.a4 g6 14.Ne3 g5 15.Nb3 Ne8
16.Nc4 f6 17.Be3 Kb8 18.Qc3 Nd6 19.Rfb1 Bf7 20.Nbd2 Nxc4 21.Nxc4 Bc5 22.Bf1 Bxc4
23.Bxc4 Bd4 24.Qe1 Nc5 25.c3 Bxe3 26.Qxe3 Nd7 27.a5 a6 28.b4 Ka8 29.Be2 h5
30.Rb2 h4 31.Bg4 hxg3 32.fxg3 c5 33.b5 Nb8 34.bxa6 Nxa6 35.Rb6 Rd6 36.Rab1 Rxb6
37.Rxb6 Rd8 38.Qe2 Rd6 39.Qb5 Rxb6 40.Qxb6 Qxb6 41.axb6 Nb8 42.h4 Nc6 43.h5 Ne7
44.Be6  1-0

[Event "Randers zt-A"]
[Site "Randers"]
[Date "1982.??.??"]
[Round "2"]
[White "Zueger, Beat"]
[Black "Herzog, Adolf"]
[Result "0-1"]
[WhiteElo "2335"]
[BlackElo "2400"]

1.Nf3 d5 2.g3 e6 3.Bg2 Nd7 4.O-O Be7 5.d3 Ngf6 6.Nbd2 c5 7.e4 Qc7 8.Re1 O-O
9.e5 Ne8 10.Nf1 b5 11.Bf4 a5 12.h4 Ra6 13.N1h2 Qd8 14.Ng5 h6 15.Ngf3 f5 16.exf6 Nexf6
17.Bh3 Nh5 18.Bd2 Nb8 19.Ne5 Qe8 20.Qg4 Kh7 21.Qe2 Bd6 22.Nhf3 a4 23.c4 Nf6
24.Rad1 Rb6 25.Bc1 Bb7 26.cxb5 Rxb5 27.Qc2 Rb6 28.Re2 Na6 29.a3 Rb3 30.Nd2 Bxe5
31.d4+ Ne4 32.dxe5 Qf7 33.Nxb3 axb3 34.Qxb3 Kh8 35.Bg2 c4 36.Qe3 Nac5 37.Bd2 Qh5
38.Bb4  0-1

[Event "Randers zt-B"]
[Site "Randers"]
[Date "1982.??.??"]
[Round "5"]
[White "Gutman, Lev"]
[Black "Murrey, Jacob"]
[Result "1/2-1/2"]
[WhiteElo "2450"]
[BlackElo "2475"]

1.Nf3 d5 2.g3 g6 3.Bg2 Bg7 4.O-O e5 5.d4 exd4 6.Nxd4 Ne7 7.c4 O-O 8.Nc3 dxc4
9.Ndb5 Qxd1 10.Rxd1 Na6 11.Bg5 Nc6 12.Nd5 Bg4 13.Rd2 h6 14.Bf6 Rac8 15.Rad1 Be6
16.Be7 Rfe8 17.Nf6+ Bxf6 18.Bxf6 Nab8 19.Nc3 b6 20.h4 Na5 21.Nd5 Nbc6 22.h5 Bxd5
23.Rxd5 g5 24.Bh3 Rb8 25.Kf1 Nb4 26.Rd7 c6 27.Bg2 Nxa2 28.Rxa7 Re6 29.Rd8+ Rxd8
30.Bxd8 c3 31.Ra8 Re8 32.bxc3 Nxc3 33.Rb8 Nxe2 34.Bh3 Nd4 35.Bd7 Rf8 36.Rc8 Ne6
37.Bf6 Rxc8 38.Bxc8 c5 39.Ba6 Nd4 40.Ke1 Nab3 41.Bd8 Nc2+ 42.Kf1 Nb4 43.Bb7 Nd2+
44.Ke2 Nc4 45.g4 Kg7 46.Ba8 f6 47.Bg2 Kf7 48.Be4 Ke6 49.Bh7 b5 50.Bg8+ Ke5
51.Be7 Kf4 52.f3 Nc6 53.Bxc5 N6e5  1/2-1/2

[Event "Randers zt-A"]
[Site "Randers"]
[Date "1982.??.??"]
[Round "7"]
[White "Lobron, Eric"]
[Black "Herzog, Adolf"]
[Result "1-0"]
[WhiteElo "2440"]
[BlackElo "2400"]

1.Nf3 d5 2.g3 Nf6 3.Bg2 e6 4.O-O Be7 5.c4 O-O 6.b3 c5 7.cxd5 Nxd5 8.Bb2 Nc6
9.Nc3 Bf6 10.Rc1 b6 11.Qc2 Bb7 12.Nxd5 exd5 13.a3 Re8 14.d4 Ba6 15.Rfe1 Nxd4
16.Nxd4 cxd4 17.Qd2 Re4 18.Bxe4 dxe4 19.Qf4 Qd5 20.Rcd1 Be5 21.Qf5 g6 22.Qg5 f6
23.Qd2 e3 24.Qb4 exf2+ 25.Kxf2 Bd6 26.Qd2 d3 27.b4 Rc8 28.Rc1 Rxc1 29.Rxc1 Qf5+
30.Ke1 Qe4 31.Kf2 Qf5+ 32.Ke1 Qe6 33.Bd4 dxe2 34.Qe3 Qf5 35.Qf2 Qh3 36.Kd2 Qf5
37.Qe3 Kf7 38.Re1 Bf8 39.b5 Bc8 40.Rxe2 Qb1 41.Qe8+ Kg7 42.Bxf6+ Kg8 43.Qxc8  1-0

[Event "Randers zt-B"]
[Site "Randers"]
[Date "1982.??.??"]
[Round "8"]
[White "Helmers, Knut J"]
[Black "Borik, Otto"]
[Result "1/2-1/2"]
[WhiteElo "2430"]
[BlackElo "2360"]

1.Nf3 d5 2.g3 c5 3.Bg2 Nc6 4.O-O e5 5.d3 Nf6 6.e4 dxe4 7.dxe4 Qxd1 8.Rxd1 Bg4
9.Nbd2 O-O-O 10.Re1 Nd7 11.Nc4 Be6 12.Ne3 h6 13.Rd1 Nd4 14.c3 Ne2+ 15.Kh1 Nxc1
16.Raxc1 Be7 17.Nd5 Bd6 18.Bf1 Nf6 19.Nxf6 gxf6 20.b3 Bc7 21.Bc4 Rxd1+ 22.Rxd1 Ba5
23.Bxe6+  1/2-1/2

[Event "Reykjavik op"]
[Site "Reykjavik"]
[Date "1982.??.??"]
[Round "?"]
[White "Erlingsson, Jonas P"]
[Black "Solmundarson, Magnus"]
[Result "1-0"]
[WhiteElo "2225"]
[BlackElo "2380"]

1.Nf3 d5 2.g3 Nf6 3.Bg2 Bg4 4.O-O e6 5.d3 Be7 6.Nbd2 O-O 7.b3 a5 8.c4 c6
9.h3 Bh5 10.Bb2 a4 11.cxd5 exd5 12.bxa4 Nbd7 13.Bc3 Ra6 14.a5 Qa8 15.Nb3 c5
16.Rb1 Qa7 17.Ne5 Nxe5 18.Bxe5 Re6 19.d4 c4 20.Nc1 Bg6 21.Rb5 Ne4 22.Rxd5 Nc3
23.Qd2 Nxd5 24.Bxd5 Rxe5 25.dxe5 Rd8 26.e4 Bxe4 27.Bxf7+ Kh8 28.Qf4 Bc6 29.Bxc4 Rf8
30.Qe3 Bc5 31.Qd2 Qb8 32.Nd3 Qd8 33.Rd1 Qd4 34.Nxc5 Qxc4 35.Rc1 Qf7 36.Qd4 Qf5
37.Kh2 Qc8 38.Ne4 Rd8 39.Nd6 Kg8 40.Qd5+ Bxd5 41.Rxc8 Rxc8 42.Nxc8 Bxa2 43.Kg1 Be6
44.Nd6 Bd5  1-0

[Event "URS-ch sf"]
[Site "Severodonetsk"]
[Date "1982.??.??"]
[Round "?"]
[White "Malaniuk, Vladimir P"]
[Black "Andrianov, Nikolai"]
[Result "1-0"]
[WhiteElo "2430"]
[BlackElo "2435"]

1.Nf3 d5 2.g3 Nf6 3.Bg2 Bf5 4.c4 e6 5.O-O Be7 6.Qb3 Na6 7.d3 O-O 8.Be3 c5
9.Na3 Qb6 10.Nb5 Nb4 11.Qxb4 cxb4 12.Bxb6 axb6 13.cxd5 exd5 14.Nfd4 Be6 15.Nc7 Ra5
16.Ncxe6 fxe6 17.Nxe6 Rfa8 18.Nc7 Rc8 19.Rac1 Rd8 20.Ne6 Re8 21.Nc7 Rd8 22.a3 bxa3
23.bxa3 Bxa3 24.Rb1 Rc8 25.Nb5 Be7 26.Bf3 Kf7 27.Kg2 g6 28.Rfd1 Ra4 29.Rb3 d4
30.Rb2 Bb4 31.Nxd4 Bc3 32.Rc2 Rxd4 33.Rdc1 Nd5 34.Bxd5+ Rxd5 35.Rxc3 Rdc5
36.Rc4 Ke6 37.Re4+ Kd6 38.Rb1 b5 39.Reb4 Re8 40.e3 Rc2 41.Rxb5 Rxe3 42.Rb6+ Ke7
43.Rxb7+ Kf6 44.R1b6+ Kg5 45.h4+ Kh6 46.Rf7 Rxd3 47.Rbb7 Kh5 48.Rxh7+ Kg4
49.Rb4+ Kf5 50.Rf4+ Ke5 51.Re7+ Kd6 52.Rd7+  1-0

[Event "URS-ch sf"]
[Site "Severodonetsk"]
[Date "1982.??.??"]
[Round "?"]
[White "Tseitlin, Mark D"]
[Black "Anikaev, Yuri N"]
[Result "1-0"]
[WhiteElo "2455"]
[BlackElo "2465"]

1.Nf3 d5 2.g3 Nf6 3.Bg2 c6 4.O-O Bf5 5.c4 e6 6.cxd5 cxd5 7.Qb3 Qb6 8.Qxb6 axb6
9.Nc3 Nc6 10.d3 h6 11.Nb5 Kd7 12.Bf4 Be7 13.Rfc1 Rhc8 14.a3 Ra5 15.Nbd4 Nxd4
16.Nxd4 Bh7 17.Re1 Rac5 18.b4 Rc3 19.Nb5 Rc2 20.Bf3 g5 21.Be5 g4 22.Bg2 Bg6
23.Bf4 h5 24.e4 Rb2 25.Be5 Rd2 26.Rad1 Rcc2 27.Bd4 e5 28.Rxd2 Rxd2 29.Bxe5 Rxd3
30.exd5 Nxd5 31.Bf1 Rd2 32.Nc3 Nxc3 33.Bxc3 Rd6 34.Be5 Rd5 35.Bc4 Rd2 36.Bf4 Rd4
37.Bb5+ Kd8 38.Rc1 Bd6 39.Be3 Rd5 40.Bc4 Rf5 41.Bxb6+ Kd7 42.Rd1 Kc6 43.Be3 b5
44.Bf1 Kc7 45.h3 Be5 46.hxg4 hxg4 47.Bxb5  1-0

[Event "Sochi"]
[Site "Sochi"]
[Date "1982.??.??"]
[Round "12"]
[White "Pigusov, Evgeny"]
[Black "Vaisser, Anatoli"]
[Result "1/2-1/2"]
[WhiteElo "2430"]
[BlackElo "2490"]

1.Nf3 d5 2.g3 Bg4 3.Bg2 Nd7 4.d4 e6 5.O-O Ngf6 6.c4 c6 7.b3 Be7 8.Bb2 O-O
9.Nbd2 Qc7 10.h3 Bh5 11.Re1 Rfd8 12.e4 dxe4 13.Nxe4 Nxe4 14.Rxe4 Nf6 15.Re3 Bxf3
16.Qxf3 Rd7 17.a3 Ne8 18.Rd1 Bf6 19.Qe2 Rad8 20.Red3 Qb6 21.Qe3 g6 22.h4 h5
23.Bf3 Ng7 24.Be4 Qc7 25.Qe2 Ne8 26.Bf3 Ng7 27.Be4 Ne8 28.Bf3 Bg7 29.Bg2 Qb6
30.Qe3 Qa5 31.Qe2 Qb6 32.Qe3 Qa6 33.Qe2 Bf6 34.Bf1 Qb6 35.Qe3 Qc7 36.Qe2 c5
37.d5 Bxb2 38.Qxb2 exd5 39.cxd5 Qd6 40.Re3 Re7 41.Rxe7 Qxe7 42.b4 b6 43.bxc5 bxc5
44.Qb5 Rc8 45.Bh3 Rc7 46.Qb8 Kh7 47.Kf1 Rb7 48.d6 Qe4 49.Qxb7 Qxb7 50.d7 Qh1+
51.Ke2 Qe4+ 52.Kf1 Qh1+ 53.Ke2  1/2-1/2

[Event "BUL-ch"]
[Site "Sofia"]
[Date "1982.??.??"]
[Round "14"]
[White "Lalev, Dimitar"]
[Black "Popov, Luben"]
[Result "1/2-1/2"]
[WhiteElo "2280"]
[BlackElo "2435"]

1.Nf3 d5 2.g3 c6 3.Bg2 Bf5 4.d3 Nd7 5.O-O Ngf6 6.Nbd2 e6 7.b3 h6 8.Bb2 Be7
9.c4 O-O 10.Qc2 a5 11.a3 Bh7 12.Rac1 b5 13.cxb5 cxb5 14.Qb1 Qb6 15.Qa1 Rfc8
16.Rxc8+ Rxc8 17.Rc1 Rxc1+  1/2-1/2

[Event "Surakarta/Denpasar"]
[Site "Surakarta"]
[Date "1982.??.??"]
[Round "14"]
[White "Suttles, Duncan"]
[Black "Matanovic, Aleksandar"]
[Result "1/2-1/2"]
[WhiteElo "2475"]
[BlackElo "2495"]

1.g3 d5 2.Nf3 Nf6 3.Bg2 c6 4.b3 Bg4 5.Bb2 Nbd7 6.O-O e6 7.d3 Bc5 8.Nbd2 O-O
9.c4 Qe7 10.a3 a5 11.d4 Bxf3  1/2-1/2

[Event "Surakarta/Denpasar"]
[Site "Surakarta"]
[Date "1982.??.??"]
[Round "20"]
[White "Suttles, Duncan"]
[Black "Bellon Lopez, Juan Manuel"]
[Result "1/2-1/2"]
[WhiteElo "2475"]
[BlackElo "2400"]

1.g3 d5 2.Nf3 c6 3.Bg2 g6 4.O-O Bg7 5.d3 e5 6.e4 Ne7 7.Qe2 Qc7 8.Re1 f6 9.Nbd2 Nd7
10.d4 O-O 11.exd5 cxd5 12.c4 e4 13.cxd5 exf3 14.Qe6+ Rf7 15.d6 Nb6 16.Qxf7+ Kxf7
17.dxc7 fxg2 18.Ne4 Nbd5 19.Nd6+ Kf8 20.b3 Nxc7 21.Ba3 Ncd5 22.Rxe7 Nxe7
23.Re1 Bd7 24.Nxb7  1/2-1/2

[Event "Yerevan"]
[Site "Yerevan"]
[Date "1982.??.??"]
[Round "4"]
[White "Espig, Lutz"]
[Black "Mnatsakanian, Eduard A"]
[Result "1-0"]
[WhiteElo "2470"]
[BlackElo "2450"]

1.Nf3 d5 2.g3 Nf6 3.Bg2 Bf5 4.O-O e6 5.b3 h6 6.Bb2 Nbd7 7.d3 Bd6 8.Nbd2 Qe7
9.e4 dxe4 10.dxe4 Nxe4 11.Nh4 Nxd2 12.Nxf5 exf5 13.Qxd2 O-O 14.Bxb7 Rab8
15.Rae1 Qg5 16.Qxg5 hxg5 17.Bc6 Nb6 18.a4 Rfd8 19.Re2 a6 20.Bc3 Nc8 21.Rfe1 Na7
22.Bg2 Kf8 23.Rd2 Nc8 24.Bf1 Ra8 25.Rd5 c5 26.Rxf5 f6 27.Rf3 Ne7 28.Rd1 Bc7
29.Rxd8+ Bxd8 30.Rd3 a5 31.Rd7 Rb8 32.Bc4 Bb6 33.Kf1 Ke8 34.Bb5 Kf7 35.Bd2 Rd8
36.Rxd8 Bxd8 37.Bc4+ Ke8 38.Be6 Nc6 39.c3 Ne5 40.h3 Ke7 41.Bg8 Kd6 42.Ke2 Bb6
43.f4 gxf4 44.gxf4 Ng6 45.Kd3 Ne7 46.Bf7 Bc7 47.Kc4 Kc6 48.Be8+ Kb6 49.Be3 Kb7
50.Bxc5 Nc8 51.Bh5 Bxf4 52.Bf3+ Ka6 53.b4 Nb6+ 54.Kb3 axb4 55.cxb4 Nd7 56.Bf2 Bd2
57.a5 Ne5 58.Be2+ Kb7 59.a6+ Kc7 60.a7 Kb7 61.Ba6+ Ka8 62.Bf1 Nc6 63.Bg2  1-0

[Event "Yerevan"]
[Site "Yerevan"]
[Date "1982.??.??"]
[Round "8"]
[White "Espig, Lutz"]
[Black "Bagirov, Vladimir"]
[Result "1/2-1/2"]
[WhiteElo "2470"]
[BlackElo "2495"]

1.Nf3 d5 2.g3 Bg4 3.Bg2 c6 4.b3 Nd7 5.Bb2 e6 6.O-O Ngf6 7.d3 Bd6 8.Nbd2 O-O
9.Qe1 a5 10.e4 Ne8 11.a4 Nc7 12.h3 Bh5 13.Nh2 f5 14.f4 Bg6 15.Nhf3 Re8  1/2-1/2

[Event "Yerevan zt"]
[Site "Yerevan"]
[Date "1982.??.??"]
[Round "14"]
[White "Romanishin, Oleg M"]
[Black "Kuzmin, Gennadi P"]
[Result "1-0"]
[WhiteElo "2580"]
[BlackElo "2545"]

1.Nf3 d5 2.g3 Nf6 3.Bg2 e6 4.O-O Be7 5.d4 O-O 6.c4 dxc4 7.Na3 c5 8.dxc5 Bxc5
9.Nxc4 Nc6 10.a3 Qe7 11.b4 Rd8 12.Bd2 Bb6 13.Nxb6 axb6 14.b5 Na5 15.Qb1 e5
16.Bb4 Qe8 17.Bc3 Rd5 18.a4 Bg4 19.h3 Bh5 20.Qa2 Rad8 21.Rac1 Bg6 22.Nh4 R5d7
23.Nxg6 hxg6 24.Ba1 g5 25.Qb2 Rd4 26.Qa3 Rc4 27.Rxc4 Nxc4 28.Qc3 Qe6 29.Rc1 Rc8
30.Bxb7 Rc5 31.Qd3 Ne8 32.Bg2 Ned6 33.Rd1 e4 34.Qd4 f6 35.g4 Rc8 36.Bc3 Nf7
37.Bxe4 Ncd6 38.Bf3 Qb3 39.Ba1 Rc4 40.Bd5 Qxa4 41.Bxc4 Nxc4 42.Qd5 Nd6 43.Bb2  1-0

[Event "Valby SK"]
[Site "Valby"]
[Date "1983.05.19"]
[Round "6"]
[White "Hvenekilde, Jorgen"]
[Black "Clausen, Steen"]
[Result "1-0"]
[WhiteElo "2260"]
[BlackElo "2200"]

1.Nf3 d5 2.g3 Nf6 3.Bg2 Bf5 4.O-O e6 5.d3 h6 6.Re1 c6 7.Nbd2 Bc5 8.c3 O-O
9.b4 Bb6 10.c4 a5 11.c5 Bc7 12.b5 cxb5 13.Nd4 Nc6 14.Nxb5 Be5 15.Rb1 Rc8
16.Ba3 Nb4 17.Nb3 b6 18.cxb6 Qxb6 19.Nxa5 Nc2 20.Bxf8 Qxa5 21.Bd6 Nxe1 22.Bxe5 Nxg2
23.Nd6 Rc6 24.Nxf5 exf5 25.Kxg2 Qxa2 26.Ra1 Qc2 27.Qxc2 Rxc2 28.Bxf6 gxf6
29.Kf3 Rc6 30.Ra8+ Kg7 31.Rd8 Rc5 32.Ke3 Kg6 33.Kd4 Rc2 34.Re8 f4 35.gxf4 Kf5
36.Kxd5 Kxf4 37.d4 Kg4 38.Re3 f5 39.Ke5 Rc8 40.Rg3+ Kh5 41.Kxf5  1-0

[Event "Aarhus"]
[Site "Aarhus"]
[Date "1983.??.??"]
[Round "5"]
[White "Helmers, Knut J"]
[Black "Van der Wiel, John TH"]
[Result "1/2-1/2"]
[WhiteElo "2465"]
[BlackElo "2530"]

1.Nf3 d5 2.g3 c5 3.Bg2 Nc6 4.d4 e6 5.O-O cxd4 6.Nxd4 Bc5 7.Nb3 Be7 8.c4 dxc4
9.Qxd8+ Bxd8 10.N3d2 Nd4 11.Nc3 Ba5 12.e3 Bxc3 13.exd4 Bxd2 14.Bxd2 Ne7 15.Rfc1 Bd7
16.Bxb7 Rb8 17.Ba6 Rxb2 18.Bc3 Rb6 19.Bxc4 Nd5  1/2-1/2

[Event "Bela Crkva op"]
[Site "Bela Crkva"]
[Date "1983.??.??"]
[Round "3"]
[White "Nikolac, Juraj"]
[Black "Karaklajic, Nikola"]
[Result "1/2-1/2"]
[WhiteElo "2470"]
[BlackElo "2415"]

1.Nf3 d5 2.g3 Nc6 3.d4 Bg4 4.Bg2 Qd7 5.h3 Bxf3 6.Bxf3 g6 7.c3 Bg7 8.O-O Nf6
9.Bg2 O-O 10.Bg5 Nd8 11.Nd2 c6 12.Kh2 Ne6 13.Bxf6 exf6 14.e4 dxe4 15.Bxe4 f5
16.Bc2 c5 17.dxc5 Nxc5 18.Nb3 Qc7 19.Nxc5 Qxc5 20.Qf3 Qb6 21.Bb3 a5 22.Rab1 Rad8
23.Bd5 Rd7 24.Rfd1 Rfd8 25.c4 Qc5 26.Rd2 Re8 27.Rbd1 Qc7 28.Kg2 Rde7 29.Qb3 h5
30.Bf3 Rc8 31.Rc2 b6 32.Rd5 Qa7 33.Qd3 Bf8 34.b3 Ree8 35.Rd2 Bb4 36.Rd1 Qe7
37.Rd7 Qf6 38.Qd5 Re7 39.Qb7 Rce8 40.Qc7 Bc5 41.Qf4 Kg7 42.R7d5 Re1 43.Rd7 Rxd1
44.Rxd1 Qb2 45.Qd2 Qe5 46.Bc6 Re6 47.Bd5 Re7 48.Bf3 Re6 49.Bd5 Re7  1/2-1/2

[Event "Bor"]
[Site "Bor"]
[Date "1983.??.??"]
[Round "7"]
[White "Jansa, Vlastimil"]
[Black "Campora, Daniel H"]
[Result "1-0"]
[WhiteElo "2445"]
[BlackElo "2485"]

1.Nf3 d5 2.g3 Bg4 3.Bg2 Nd7 4.c4 e6 5.b3 c6 6.Bb2 Ngf6 7.O-O Bd6 8.d4 O-O
9.Nbd2 Qe7 10.a3 a5 11.Re1 Rfd8 12.e4 dxe4 13.Nxe4 Nxe4 14.Rxe4 Nf6 15.Re3 h6
16.Qe1 Qf8 17.Nh4 Bh5 18.h3 g5 19.Nf3 Nd7 20.h4 Qg7 21.hxg5 hxg5 22.Bc3 a4
23.d5 e5 24.dxc6 bxc6 25.b4 f6 26.Nd2 Rac8 27.c5 Nxc5 28.bxc5 Bxc5 29.Re4 Rd3
30.Rc4 Qe7 31.Ne4 Rcd8 32.Rxc5 Rd1 33.Rxc6 Rxe1+ 34.Rxe1 Bf7 35.Nxf6+ Kg7
36.Bb4 Qa7 37.Rxe5 Rd1+ 38.Kh2 Qxf2 39.Rxg5+ Bg6 40.Rxg6+ Kf7 41.Ne4  1-0

[Event "Buenos Aires"]
[Site "Buenos Aires"]
[Date "1983.??.??"]
[Round "3"]
[White "Darcyl, Tomas"]
[Black "Hase, Juan C"]
[Result "1/2-1/2"]
[WhiteElo "2200"]
[BlackElo "2415"]

1.Nf3 d5 2.g3 Bg4 3.Bg2 Nd7 4.c4 e6 5.cxd5 exd5 6.Nc3 c6 7.d3 Ngf6 8.O-O Bc5
9.e4 dxe4 10.dxe4 O-O 11.Bf4 Re8 12.Qc2 Bb4  1/2-1/2

[Event "Buenos Aires-B"]
[Site "Buenos Aires"]
[Date "1983.??.??"]
[Round "6"]
[White "Hase, Juan C"]
[Black "Gomez Baillo, Jorge H"]
[Result "1/2-1/2"]
[WhiteElo "2415"]
[BlackElo "2330"]

1.Nf3 d5 2.g3 Nf6 3.Bg2 Bf5 4.c4 c6 5.Qb3 Qb6 6.Nc3 e6 7.cxd5 Qxb3 8.axb3 exd5
9.d3 Nbd7 10.Nd4 Bg6 11.h3 Bd6 12.Bf4 Bxf4 13.gxf4 O-O 14.b4 a6 15.Kd2 Rfe8
16.e3 Rad8 17.Na4 Re7 18.Nc5 Nxc5 19.bxc5 Ne8 20.Bf3 h6 21.Rhg1 Kf8 22.Bg4 Bh7
23.Rg3 Nc7 24.Rag1 Rb8 25.Bf5 g6 26.Bg4 f5 27.Be2 Ne6 28.Nxe6+ Rxe6 29.Rc1 Kf7
30.Rgg1 Kf6 31.h4 Re7 32.d4 Rg8 33.Bd3 Reg7 34.Rh1 Re7 35.Kc3 Rb8 36.Ra1 Bg8
37.b4 Be6 38.Rhg1 Rg7 39.Rg3 Rh8 40.Rh1 Rhg8 41.Kb3 Re7 42.Ra1 Bf7 43.Ka4 Rd8
44.Rgg1 Rb8  1/2-1/2

[Event "Buenos Aires-B"]
[Site "Buenos Aires"]
[Date "1983.??.??"]
[Round "7"]
[White "Tempone, Marcelo"]
[Black "Hase, Juan C"]
[Result "1/2-1/2"]
[WhiteElo "2330"]
[BlackElo "2415"]

1.Nf3 d5 2.g3 Bg4 3.Bg2 Nd7 4.O-O c6 5.d4 e6 6.Nbd2 Ngf6 7.c4 Be7 8.b3 O-O
9.Bb2 b5 10.h3 Bh5 11.g4 Bg6 12.Ne5 Nxe5 13.dxe5 Nd7 14.cxb5 cxb5 15.e4 Nb6
16.f4 f5 17.exf5 Bc5+ 18.Kh2 exf5 19.g5 Be3 20.b4 Na4 21.Rb1 Nxb2 22.Rxb2 Rc8
23.Nb3 d4 24.Nc5 Qe7 25.Qd3 Be8 26.Kg3 a6 27.Re1  1/2-1/2

[Event "Buenos Aires"]
[Site "Buenos Aires"]
[Date "1983.??.??"]
[Round "9"]
[White "Darcyl, Tomas"]
[Black "Schweber, Samuel"]
[Result "1/2-1/2"]
[WhiteElo "2200"]
[BlackElo "2420"]

1.Nf3 d5 2.g3 g6 3.Bg2 Bg7 4.d4 Nf6 5.O-O O-O 6.c4 c6 7.cxd5 cxd5 8.Nc3 Nc6
9.Ne5 Bf5 10.Nxc6 bxc6 11.Bf4 Rc8 12.Na4 Nd7 13.Rc1 Re8 14.Qd2 Nb6 15.Nxb6 Qxb6  1/2-1/2

[Event "Politicen Cup"]
[Site "Copenhagen"]
[Date "1983.??.??"]
[Round "2"]
[White "Ost Hansen, Jacob"]
[Black "Kudrin, Sergey"]
[Result "1/2-1/2"]
[WhiteElo "2415"]
[BlackElo "2510"]

1.g3 d5 2.Nf3 Nf6 3.Bg2 c6 4.O-O Bf5 5.b3 e6 6.Bb2 a5 7.a4 h6 8.d3 Bc5 9.Nbd2 O-O
10.e3 Na6 11.Qe2 Nb4 12.Ne1 Re8 13.e4 Bg6 14.e5 Nd7 15.Kh1 Bf8 16.f4 b5 17.Ndf3 bxa4
18.bxa4 Rb8 19.g4 c5 20.Bh3 Bh7 21.Bc1 f6 22.exf6 Qxf6 23.Ne5 Nxe5 24.fxe5 Qg6
25.Rf3 c4 26.Rg3 cxd3 27.cxd3 Bc5 28.Be3 d4 29.Bd2 Be7 30.Bg2 Bh4 31.Be4 Qf7
32.Bxh7+ Kxh7 33.Rh3 Bxe1  1/2-1/2

[Event "Frunze"]
[Site "Frunze"]
[Date "1983.??.??"]
[Round "?"]
[White "Csom, Istvan"]
[Black "Dvorietzky, Mark I"]
[Result "1/2-1/2"]
[WhiteElo "2505"]
[BlackElo "2480"]

1.Nf3 d5 2.g3 Nf6 3.Bg2 c6 4.b3 Bg4 5.Bb2 Nbd7 6.d4 e6 7.O-O Be7 8.Nbd2 O-O
9.Re1 a5 10.a4 Qb6 11.e4 Rfd8 12.h3 Bh5 13.e5 Ne8 14.c4 Nc7 15.c5 Qa7 16.Ba3 Na6
17.Qc1 Qb8 18.Bf1 Nb4 19.Bxb4 axb4 20.Bd3 b6 21.cxb6 Qxb6 22.Qb1 Bg6 23.Bxg6 fxg6
24.Qd3 Rf8 25.Kg2 c5 26.Ra2 g5 27.Rc2 h6 28.Rec1 Ra5 29.Qg6 Rf7 30.Qd3 Qb7
31.Qe2 Bf8  1/2-1/2

[Event "Frunze"]
[Site "Frunze"]
[Date "1983.??.??"]
[Round "?"]
[White "Yurtaev, Leonid"]
[Black "Imanaliev, Taalaibek"]
[Result "1/2-1/2"]
[WhiteElo "2360"]
[BlackElo "2200"]

1.Nf3 d5 2.g3 Nf6 3.Bg2 Bf5 4.d3 e6 5.Nh4 Bg4 6.c4 c6 7.h3 Bh5 8.Qb3 Qb6
9.Qxb6 axb6 10.g4 Bg6 11.cxd5 Nxd5 12.O-O Be7 13.Nxg6 hxg6 14.Nc3 Nxc3 15.bxc3 b5
16.c4 bxc4 17.dxc4 Kd8 18.a4 Kc8 19.a5 Rd8 20.Be3 Na6 21.Bb6 Rd2 22.Bf3 Nc5
23.Rfc1 Nb3 24.Rd1 Bf6 25.Rxd2 Nxd2 26.Ra4 Bd8 27.Bd4 Rxa5 28.Rxa5 Bxa5 29.Bxg7 Bd8
30.c5 Nb3 31.Bg2 Nxc5 32.f4 Nd7 33.Kf2 Bh4+ 34.Ke3 Kc7 35.g5 Be1 36.Kd3 b5
37.e3 c5 38.Ke2 Bh4 39.Kd2 Kd6 40.Bb7 c4 41.Bc3 Kc5 42.Bd4+ Kb4 43.Bc6 Nc5
44.Kd1 Nd3 45.Be8 e5 46.fxe5 Bg3 47.Bxf7 Bxe5 48.h4 Bxd4 49.exd4 Kc3 50.d5 b4
51.d6 b3 52.Bxc4 Nb2+ 53.Ke2 Nxc4 54.d7 b2 55.d8=Q b1=Q 56.Qf6+ Kb4 57.Qe7+ Kb5
58.Qd7+  1/2-1/2

[Event "Bundesliga 8283"]
[Site "Germany"]
[Date "1983.??.??"]
[Round "?"]
[White "Podzielny, Karl Heinz"]
[Black "Calvo Minguez, Ricardo"]
[Result "0-1"]
[WhiteElo "2400"]
[BlackElo "2420"]

1.Nf3 d5 2.g3 g6 3.Bg2 Bg7 4.O-O Nf6 5.d3 O-O 6.Nbd2 b6 7.a4 a5 8.e4 dxe4
9.Ng5 Bg4 10.Qe1 Nc6 11.h3 Bd7 12.Ngxe4 Nb4 13.Qd1 Bc6 14.c3 Nxe4 15.Bxe4 Bxe4
16.dxe4 Nd3 17.Nc4 Qd7 18.Ne3 Rad8 19.Qg4 e6 20.Nc2 Qc6 21.Qe2 Nc5 22.Re1 Nb3
23.Rb1 Qxa4 24.Na3 Rd7 25.h4 Rfd8 26.Qf3 Rd3 27.Qg4 h5 28.Qg5 Nc5 29.Be3 Nxe4
30.Qb5 Qxb5 31.Nxb5 c5 32.Bf4 Nd2 33.Bxd2 Rxd2 34.Na3 b5 35.Rec1 b4 36.Nc4 bxc3
37.bxc3 Ra2  0-1

[Event "Bundesliga 8283"]
[Site "Germany"]
[Date "1983.??.??"]
[Round "?"]
[White "Borik, Otto"]
[Black "Heidrich, Manfred"]
[Result "1/2-1/2"]
[WhiteElo "2380"]
[BlackElo "2225"]

1.Nf3 d5 2.g3 g6 3.Bg2 Bg7 4.O-O e5 5.c4 c6 6.Na3 Ne7 7.Rb1 O-O 8.d3 h6 9.b3 Be6
10.Bb2 Nd7 11.cxd5 cxd5 12.Nd2 Nc6 13.Rc1 Nf6 14.b4 Nd7 15.b5 Ne7 16.Nb3 a6
17.Qd2 Qb6 18.Qb4 Nc6 19.Qd6 Nd4 20.Qxb6 Nxe2+ 21.Kh1 Nxb6 22.Rce1 Nd4 23.Bxd4 exd4
24.Nc5 axb5 25.Nxe6 fxe6  1/2-1/2

[Event "Bundesliga 8283"]
[Site "Germany"]
[Date "1983.??.??"]
[Round "?"]
[White "Backwinkel, Paul"]
[Black "Huebner, Robert"]
[Result "0-1"]
[WhiteElo "2330"]
[BlackElo "2625"]

1.Nf3 d5 2.g3 c5 3.Bg2 Nc6 4.O-O e5 5.c4 Nf6 6.Qa4 Bd6 7.d3 O-O 8.Bg5 d4
9.Nbd2 Be7 10.b4 cxb4 11.a3 bxa3 12.Rfb1 Qc7 13.Ne1 Bd7 14.Bxf6 Bxf6 15.Qxa3 Be7
16.Qb3 Nb4 17.Nc2 a5 18.Na3 Bc6 19.Nb5 Qd7 20.Qa4 f5 21.Nf3 Bf6 22.Ne1 Rfc8
23.Rc1 e4 24.Bh3 g6 25.Rd1 Qe7 26.Ng2 Rd8 27.Nf4 Be5 28.Ng2 Kg7 29.Ne1 f4
30.dxe4 fxg3 31.hxg3 Bxe4 32.Nd3 Bc6 33.Bg2 Bf6 34.Rdc1 Bxg2 35.Kxg2 b6 36.Rab1 Rac8
37.Qb3 Na6 38.Nf4 Qb7+ 39.Nd5 Nb4  0-1

[Event "Bundesliga 8283"]
[Site "Germany"]
[Date "1983.??.??"]
[Round "?"]
[White "Steinbacher, Matthias"]
[Black "Stertenbrink, Guenter"]
[Result "1-0"]
[WhiteElo "2265"]
[BlackElo "2225"]

1.Nf3 d5 2.g3 c5 3.Bg2 Nc6 4.O-O e5 5.d3 f6 6.e4 dxe4 7.dxe4 Qxd1 8.Rxd1 Nd4
9.Nxd4 cxd4 10.c3 Bc5 11.b4 Bb6 12.Bb2 Bg4 13.Rd2 O-O-O 14.cxd4 Bxd4 15.Nc3 Ne7
16.Rc1 Kb8 17.b5 Bxc3 18.Bxc3 Rxd2 19.Bxd2 Rd8 20.Bb4 Nc8 21.f3 Be6 22.a3 Nb6
23.Bf1 g6 24.Be7 Rc8 25.Rxc8+ Kxc8 26.Bxf6 Nd7 27.Bg5 Kc7 28.Be3 Nb6 29.Kf2 Nc4
30.Bc5 Nd6 31.Ke3 Bd7 32.a4 Be6 33.Kd2 b6 34.Bb4 Bb3 35.a5 bxa5 36.Bxa5+ Kd7
37.Bb4 Ba4 38.Bc3 Ke6 39.Bh3+ Kf6 40.Ke3 Bxb5 41.f4 Nc4+ 42.Kf3 g5 43.Bf5 h5
44.fxe5+ Nxe5+ 45.Ke3 Bc6 46.h4 gxh4 47.gxh4 a5 48.Kf4 a4 49.Bxe5+ Kf7 50.Kg5 a3
51.Kxh5  1-0